[Event "XII Torneo Internazionale"]
[Site "Montecatini Terme ITA"]
[Date "2005.01.29"]
[Round "3"]
[White "Shytaj, Luca"]
[Black "Miladinovic, Igor"]
[Result "1/2-1/2"]
[WhiteElo "2341"]
[BlackElo "2611"]
[PlyCount "113"]
[EventDate "2005.01.27"]

1. e4 c5 2. Nf3 Nc6 3. d4 cxd4 4. Nxd4 Qc7 5. Nc3 e6 6. Be3 a6 7. Qd2 Nf6 8.
O-O-O Bb4 9. f3 b5 10. Bf4 Ne5 11. Nc6 Nd3+ 12. cxd3 Qxc6 13. Kb1 Bxc3 14. Qxc3
Qxc3 15. bxc3 d5 16. Be5 Bb7 17. c4 bxc4 18. exd5 Nxd5 19. dxc4 Ne3 20. Rd6 Rd8
21. Rxd8+ Kxd8 22. Bd4 Nf5 23. Bf2 Kc8 24. Be2 h5 25. Kc2 h4 26. Rb1 Rh6 27. c5
Rg6 28. c6 Bxc6 29. Bxa6+ Kd7 30. Bf1 e5 31. Rb4 h3 32. g3 Rh6 33. Be2 Ne7 34.
Be3 Rh8 35. Rb2 Ra8 36. Bf1 Bxf3 37. Bxh3+ f5 38. Bf1 Nd5 39. Bf2 Rc8+ 40. Kd2
Nf6 41. Bd3 Be4 42. a4 Bxd3 43. Kxd3 Ne4 44. Ra2 Rc1 45. a5 Rc3+ 46. Ke2 Rb3
47. Kf1 Kc7 48. a6 Kb8 49. a7+ Ka8 50. Bg1 Rb1+ 51. Kg2 Rd1 52. Rc2 Rd2+ 53.
Rxd2 Nxd2 54. h4 g6 55. Bc5 Ne4 56. Be3 Nf6 57. Kf3 1/2-1/2

[Event "XII Torneo Internazionale"]
[Site "Montecatini Terme ITA"]
[Date "2005.01.29"]
[Round "3"]
[White "Velikov, Petar V."]
[Black "De Santis, Alessio"]
[Result "1/2-1/2"]
[WhiteElo "2430"]
[BlackElo "2293"]
[PlyCount "81"]
[EventDate "2005.01.27"]

1. c4 f5 2. Nc3 Nf6 3. g3 d6 4. Bg2 c6 5. d4 g6 6. Nf3 Bg7 7. O-O O-O 8. b3 a5
9. Bb2 Ne4 10. Qc2 Nxc3 11. Bxc3 f4 12. gxf4 Rxf4 13. Qd2 Bh6 14. e3 Rf7 15. d5
c5 16. Ne1 a4 17. f4 axb3 18. axb3 Rxa1 19. Bxa1 Na6 20. Nf3 Bg7 21. Ng5 Rf8
22. Bxg7 Kxg7 23. e4 h6 24. Nf3 Bg4 25. Qc3+ Kh7 26. Nh4 Qe8 27. e5 Nb4 28. Qg3
Bf5 29. Nxf5 gxf5 30. exd6 exd6 31. Re1 Qg6 32. Bf3 Qf6 33. Bg2 Rg8 34. Qe3 Rg7
35. Kh1 Nc2 36. Qe6 Qxe6 37. Rxe6 Rg6 38. Re7+ Rg7 39. Re6 Rg6 40. Re7+ Rg7 41.
Re6 1/2-1/2

[Event "XII Torneo Internazionale"]
[Site "Montecatini Terme ITA"]
[Date "2005.01.29"]
[Round "3"]
[White "Voiska, Margarita"]
[Black "Mrdja, Milan"]
[Result "1/2-1/2"]
[WhiteElo "2361"]
[BlackElo "2395"]
[PlyCount "20"]
[EventDate "2005.01.27"]

1. c4 e5 2. Nc3 Nc6 3. g3 g6 4. Bg2 Bg7 5. Rb1 a5 6. d3 d6 7. e3 f5 8. Nge2 Nf6
9. O-O O-O 10. b3 h6 1/2-1/2

[Event "XII Torneo Internazionale"]
[Site "Montecatini Terme ITA"]
[Date "2005.01.30"]
[Round "4"]
[White "De Santis, Alessio"]
[Black "Shytaj, Luca"]
[Result "0-1"]
[WhiteElo "2293"]
[BlackElo "2341"]
[PlyCount "142"]
[EventDate "2005.01.27"]

1. d4 Nf6 2. c4 c5 3. d5 b5 4. cxb5 a6 5. bxa6 Bxa6 6. Nc3 d6 7. g3 g6 8. Bg2
Bg7 9. Nh3 O-O 10. O-O Nbd7 11. Qc2 Ra7 12. Rd1 Qa8 13. Rb1 Rb8 14. b3 Ne8 15.
Bb2 c4 16. Na4 cxb3 17. axb3 Rc7 18. Qd2 Rxb3 19. Bxg7 Rxb1 20. Rxb1 Kxg7 21.
Nf4 Nef6 22. Ne6+ fxe6 23. dxe6 Qc8 24. exd7 Qxd7 25. Nc3 Qf5 26. e4 Qa5 27.
Rc1 Bb7 28. Qb2 Qe5 29. f3 d5 30. exd5 Nxd5 31. f4 Qd4+ 32. Qf2 Qxf2+ 33. Kxf2
Nxc3 34. Bxb7 Ne4+ 35. Bxe4 Rxc1 36. h4 Rc3 37. Bf3 Kf6 38. Bg4 h6 39. Bd7 Rd3
40. Bc8 Rd8 41. Bg4 Rb8 42. Bd7 Rb6 43. Bg4 Kf7 44. Bd7 Rd6 45. Bc8 Ke8 46. Bg4
Kd8 47. h5 Kc7 48. Ke3 Ra6 49. hxg6 Rxg6 50. Kf3 Kd6 51. Bf5 Rg8 52. Bh7 Rg7
53. Bb1 Kd5 54. Ba2+ Kd4 55. Be6 Rg6 56. Bf5 Ra6 57. Bb1 Ra5 58. Bg6 Rc5 59.
Bh7 Rc6 60. Bb1 h5 61. Bh7 Rc3+ 62. Kf2 h4 63. gxh4 Rh3 64. Bf5 Rxh4 65. Kg3
Rh8 66. Kf3 Rf8 67. Be6 Rf6 68. f5 Ke5 69. Ke3 Rxf5 70. Bc8 Rf8 71. Bd7 Ra8 0-1

[Event "XII Torneo Internazionale"]
[Site "Montecatini Terme ITA"]
[Date "2005.01.30"]
[Round "4"]
[White "Mariotti, Sergio"]
[Black "Voiska, Margarita"]
[Result "1/2-1/2"]
[WhiteElo "2350"]
[BlackElo "2361"]
[PlyCount "105"]
[EventDate "2005.01.27"]

1. e4 c5 2. Nf3 Nc6 3. c3 Nf6 4. d3 d5 5. Nbd2 Bg4 6. Be2 e6 7. O-O Be7 8. Ne1
Bxe2 9. Qxe2 O-O 10. Nef3 b5 11. Rd1 Qc7 12. Nf1 Rfe8 13. Bg5 h6 14. Bh4 b4 15.
Qc2 bxc3 16. bxc3 c4 17. Bxf6 cxd3 18. Qa4 Bxf6 19. exd5 exd5 20. Rxd3 Re4 21.
Qd1 Ne7 22. Ne3 Rb8 23. Rb1 Rxb1 24. Qxb1 Bxc3 25. Nxd5 Nxd5 26. Rxd5 Re8 27.
h4 Bf6 28. Rb5 Rc8 29. Rb7 Qc1+ 30. Qxc1 Rxc1+ 31. Kh2 a5 32. g4 Rc2 33. Kg3
Rxa2 34. g5 hxg5 35. hxg5 Bc3 36. g6 fxg6 37. Rb8+ Kf7 38. Ng5+ Ke7 39. Rb7+
Ke8 40. Ne4 Bf6 41. Nd6+ Kf8 42. f4 a4 43. Rf7+ Kg8 44. Ra7 g5 45. Kg4 gxf4 46.
Kf5 Rd2 47. Ne4 Rh2 48. Nxf6+ gxf6 49. Rxa4 f3 50. Rf4 f2 51. Kxf6 Kh7 52. Kg5
Kg7 53. Kg4 1/2-1/2

[Event "XII Torneo Internazionale"]
[Site "Montecatini Terme ITA"]
[Date "2005.01.30"]
[Round "4"]
[White "Miladinovic, Igor"]
[Black "Buli, Vangjel"]
[Result "1-0"]
[WhiteElo "2611"]
[BlackElo "2166"]
[PlyCount "69"]
[EventDate "2005.01.27"]

1. d4 Nf6 2. Bg5 Ne4 3. h4 d5 4. Nd2 Nxg5 5. hxg5 e5 6. dxe5 Qxg5 7. Ndf3 Qe7
8. c3 c6 9. Qc2 g6 10. e4 dxe4 11. Qxe4 Bf5 12. Qe3 Nd7 13. Nd4 Bg4 14. f3 Be6
15. f4 Bd5 16. O-O-O Nb6 17. Ngf3 O-O-O 18. Be2 h5 19. g4 Bxa2 20. e6 Bxe6 21.
Nxc6 bxc6 22. Ba6+ Kc7 23. Qe5+ Rd6 24. Qxh8 Bxg4 25. Rxd6 Qxd6 26. Nd2 Qd5 27.
Re1 Bd6 28. Re4 Qa2 29. Bd3 Ba3 30. bxa3 Qxa3+ 31. Kb1 Nd5 32. Rc4 f6 33. Qg7+
Kb6 34. Rb4+ Nxb4 35. Nc4+ 1-0

[Event "XII Torneo Internazionale"]
[Site "Montecatini Terme ITA"]
[Date "2005.01.30"]
[Round "4"]
[White "Mrdja, Milan"]
[Black "Velikov, Petar V."]
[Result "1/2-1/2"]
[WhiteElo "2395"]
[BlackElo "2430"]
[PlyCount "28"]
[EventDate "2005.01.27"]

1. e4 c6 2. d4 d5 3. Nc3 dxe4 4. Nxe4 Bf5 5. Nc5 b6 6. Nb3 e6 7. Ne2 Bd6 8. Bf4
Nf6 9. f3 Bxf4 10. Nxf4 Qd6 11. g3 O-O 12. Bd3 Bxd3 13. Nxd3 Nbd7 14. Qe2 a5
1/2-1/2

[Event "XII Torneo Internazionale"]
[Site "Montecatini Terme ITA"]
[Date "2005.01.30"]
[Round "4"]
[White "Tocchioni, Doriano"]
[Black "Kaps, Darja"]
[Result "1/2-1/2"]
[WhiteElo "2283"]
[BlackElo "2287"]
[PlyCount "116"]
[EventDate "2005.01.27"]

1. d4 d5 2. Nf3 Bf5 3. Bf4 Nc6 4. e3 e6 5. Bb5 Bd6 6. Ne5 Nge7 7. Nc3 f6 8. Nd3
a6 9. Ba4 Bxd3 10. Qxd3 Bxf4 11. exf4 b5 12. Bb3 Qd6 13. Ne2 h5 14. c3 Kf7 15.
O-O h4 16. Rae1 Nf5 17. Qf3 Nce7 18. Nc1 c5 19. dxc5 Qxc5 20. Nd3 Qb6 21. Re2
Rad8 22. Rfe1 Rd6 23. Kh1 g6 24. Qh3 Kg7 25. a3 a5 26. Ba2 a4 27. Nb4 Rh5 28.
Qf3 Rh8 29. h3 Re8 30. Bb1 Rc8 31. Ba2 Rcd8 32. Nc2 Kf7 33. Rd2 Nc6 34. Red1
Na5 35. Nd4 Nxd4 36. Rxd4 Nc6 37. R4d2 Ne7 38. Re1 f5 39. Qe2 Ng8 40. Rd4 Nf6
41. f3 Nh5 42. Qe5 Nf6 43. Bb1 Nd7 44. Qe2 Nc5 45. Bc2 Rb8 46. Qf2 Qd8 47. Re3
Nb7 48. Re2 Na5 49. Rd1 Nc4 50. Bd3 Rb7 51. Rg1 d4 52. cxd4 Rxd4 53. Bxc4 bxc4
54. Rge1 Rb6 55. Re5 Rxf4 56. Rxe6 Rxe6 57. Rxe6 Rd4 58. Re1 Rd1 1/2-1/2

[Event "XII Torneo Internazionale"]
[Site "Montecatini Terme ITA"]
[Date "2005.01.30"]
[Round "5"]
[White "Buli, Vangjel"]
[Black "De Santis, Alessio"]
[Result "0-1"]
[WhiteElo "2166"]
[BlackElo "2293"]
[PlyCount "52"]
[EventDate "2005.01.27"]

1. d4 d6 2. c4 f5 3. Nf3 Nf6 4. g3 g6 5. Bg2 Bg7 6. O-O O-O 7. Nc3 Qe8 8. d5 a5
9. Nd4 Na6 10. b3 Bd7 11. Bb2 c6 12. Na4 Nc7 13. Nb6 Ra6 14. Nxd7 Qxd7 15. Nc2
c5 16. Rb1 b5 17. Bxf6 Bxf6 18. e4 fxe4 19. Qe2 b4 20. Bxe4 a4 21. Kg2 axb3 22.
axb3 Ne8 23. Bf3 Ra2 24. Be4 Ng7 25. Qd3 Bc3 26. Ne3 Rd2 0-1

[Event "XII Torneo Internazionale"]
[Site "Montecatini Terme ITA"]
[Date "2005.01.30"]
[Round "5"]
[White "Djuric, Stefan"]
[Black "Tocchioni, Doriano"]
[Result "1-0"]
[WhiteElo "2470"]
[BlackElo "2283"]
[PlyCount "76"]
[EventDate "2005.01.27"]

1. e4 c5 2. Nf3 Nc6 3. c3 d5 4. exd5 Qxd5 5. d4 Bg4 6. Be2 e6 7. h3 Bxf3 8.
Bxf3 Qd7 9. O-O Nf6 10. dxc5 Bxc5 11. Qxd7+ Nxd7 12. Bxc6 bxc6 13. Nd2 a5 14.
Nc4 Nb6 15. Ne5 Rc8 16. Re1 Ke7 17. Rb1 Rhd8 18. b4 axb4 19. cxb4 Bd6 20. Be3
Bxe5 21. Bxb6 Rd5 22. a4 Bd6 23. Rbc1 Kd7 24. Rc4 Rb8 25. a5 Bc7 26. b5 c5 27.
Bxc7 Kxc7 28. Kh2 h5 29. Ra4 Rdd8 30. Rf4 f6 31. Rc4 Rd5 32. f4 h4 33. Ra4 Rd6
34. f5 e5 35. Rxh4 Rd4 36. Rh7 Rd7 37. h4 c4 38. Rb1 Ra8 1-0

[Event "XII Torneo Internazionale"]
[Site "Montecatini Terme ITA"]
[Date "2005.01.30"]
[Round "5"]
[White "Kaps, Darja"]
[Black "Miladinovic, Igor"]
[Result "1/2-1/2"]
[WhiteElo "2287"]
[BlackElo "2611"]
[PlyCount "20"]
[EventDate "2005.01.27"]

1. e4 c6 2. d4 d5 3. exd5 cxd5 4. c3 Nc6 5. Nf3 g6 6. Bd3 Bg7 7. O-O Nf6 8. Re1
O-O 9. Nbd2 Nh5 10. Nf1 Qd6 1/2-1/2

[Event "XII Torneo Internazionale"]
[Site "Montecatini Terme ITA"]
[Date "2005.01.30"]
[Round "5"]
[White "Shytaj, Luca"]
[Black "Mrdja, Milan"]
[Result "0-1"]
[WhiteElo "2341"]
[BlackElo "2395"]
[PlyCount "72"]
[EventDate "2005.01.27"]

1. e4 Nf6 2. e5 Nd5 3. Nc3 Nxc3 4. dxc3 d5 5. Nf3 c5 6. c4 e6 7. cxd5 exd5 8.
Bg5 Qa5+ 9. c3 Be6 10. Bd3 Nc6 11. Qe2 h6 12. Bd2 Qc7 13. h4 Be7 14. O-O-O
O-O-O 15. Kb1 a6 16. c4 d4 17. Rde1 Kb8 18. h5 Rhe8 19. Nh4 f6 20. f4 fxe5 21.
fxe5 Bg5 22. Bc1 Bxc1 23. Kxc1 Nb4 24. Kb1 b5 25. b3 bxc4 26. bxc4 Ka7 27. a3
Nxd3 28. Qxd3 Rb8+ 29. Ka1 Qa5 30. Rb1 Qa4 31. Rhc1 Rxb1+ 32. Rxb1 Rb8 33. Rxb8
Kxb8 34. Qf3 Ka7 35. Kb2 Qxc4 36. Ng6 d3 0-1

[Event "XII Torneo Internazionale"]
[Site "Montecatini Terme ITA"]
[Date "2005.01.30"]
[Round "5"]
[White "Velikov, Petar V."]
[Black "Mariotti, Sergio"]
[Result "1/2-1/2"]
[WhiteElo "2430"]
[BlackElo "2350"]
[PlyCount "81"]
[EventDate "2005.01.27"]

1. Nf3 e6 2. g3 f5 3. Bg2 Nf6 4. b3 Be7 5. Bb2 O-O 6. O-O a5 7. a3 d6 8. d4 Qe8
9. c4 Qh5 10. Nc3 Nbd7 11. e3 g5 12. Nd2 Qg6 13. f4 c6 14. d5 cxd5 15. cxd5 e5
16. Nc4 e4 17. b4 b6 18. Qd2 Ba6 19. b5 Bb7 20. fxg5 Qxg5 21. Bh3 Rac8 22. Rxf5
Qh6 23. Bf1 Ng4 24. Rf4 Nde5 25. Nxe5 Nxe5 26. Kh1 Nf3 27. Qg2 Rxf4 28. exf4
Qg6 29. Rd1 Bf6 30. Nxe4 Qxe4 31. Bd3 Qa4 32. Qxf3 Bxb2 33. Re1 Qd4 34. Bxh7+
Kf8 35. Be4 Re8 36. Qg4 Rxe4 37. Qf5+ Kg7 38. Qg5+ Kf7 39. Qf5+ Kg7 40. Qg5+
Kf7 41. Qf5+ 1/2-1/2

[Event "XII Torneo Internazionale"]
[Site "Montecatini Terme ITA"]
[Date "2005.01.30"]
[Round "5"]
[White "Voiska, Margarita"]
[Black "Sciortino, Massimo"]
[Result "0-1"]
[WhiteElo "2361"]
[BlackElo "2228"]
[PlyCount "62"]
[EventDate "2005.01.27"]

1. c4 e5 2. Nc3 Nc6 3. g3 f5 4. Bg2 Nf6 5. d3 Bb4 6. e3 Bxc3+ 7. bxc3 O-O 8.
Ne2 Qe8 9. O-O e4 10. d4 d6 11. h3 b6 12. c5 dxc5 13. dxc5 Ba6 14. Ba3 Rf7 15.
Re1 Rd8 16. Nd4 Ne5 17. Qb1 Nd3 18. Rd1 bxc5 19. Nb3 Rb8 20. Qc2 Qa4 21. Bc1 c4
22. Nd4 Qxc2 23. Nxc2 Nd5 24. Bd2 Rb2 25. Nd4 c5 26. Ne6 Rfb7 27. g4 g6 28. Nf4
N5xf4 29. exf4 Rc2 30. Be3 Rbb2 31. Rf1 Rxc3 0-1

[Event "XII Torneo Internazionale"]
[Site "Montecatini Terme ITA"]
[Date "2005.01.31"]
[Round "6"]
[White "De Santis, Alessio"]
[Black "Kaps, Darja"]
[Result "0-1"]
[WhiteElo "2293"]
[BlackElo "2287"]
[PlyCount "108"]
[EventDate "2005.01.27"]

1. d4 Nf6 2. c4 g6 3. Nc3 Bg7 4. e4 d6 5. f3 Nc6 6. Be3 a6 7. Nge2 O-O 8. Qd2
Re8 9. h4 h5 10. Bh6 Rb8 11. Bxg7 Kxg7 12. O-O-O b5 13. g4 e5 14. d5 Na5 15.
Ng3 b4 16. Nb1 Rh8 17. Qg5 hxg4 18. Be2 Bd7 19. fxg4 Nxg4 20. Qxd8 Rbxd8 21.
Rdg1 Nb7 22. Bxg4 Bxg4 23. Kd2 Nc5 24. Ke3 Rh6 25. h5 Rdh8 26. Nd2 Kf6 27. hxg6
fxg6 28. Rf1+ Kg7 29. Rhg1 Rh2 30. Nf3 Rxb2 31. Nf5+ gxf5 32. exf5 Rxa2 33.
Rxg4+ Kf7 34. Rfg1 Ra3+ 35. Ke2 Nd7 36. c5 Ra2+ 37. Ke3 Nf6 38. Rg7+ Kf8 39.
cxd6 cxd6 40. R7g6 Nxd5+ 41. Ke4 Nf4 42. Nd4 Nxg6 43. Ne6+ Ke7 44. Rxg6 Rh4+
45. Kd5 Rd2+ 46. Kc6 Rc4+ 47. Kb6 b3 48. Ng5 Rf2 49. f6+ Rxf6 50. Rg7+ Kd8 51.
Ka5 b2 52. Rb7 Rc5+ 53. Kxa6 d5+ 54. Ka7 Rc7 0-1

[Event "XII Torneo Internazionale"]
[Site "Montecatini Terme ITA"]
[Date "2005.01.31"]
[Round "6"]
[White "Djuric, Stefan"]
[Black "Voiska, Margarita"]
[Result "1/2-1/2"]
[WhiteElo "2470"]
[BlackElo "2361"]
[PlyCount "23"]
[EventDate "2005.01.27"]

1. d4 d5 2. Nf3 Nf6 3. c4 c6 4. e3 a6 5. Bd3 dxc4 6. Bxc4 e6 7. O-O c5 8. Bd3
Nbd7 9. Nc3 b6 10. a4 Bb7 11. Bc4 Bd6 12. b3 1/2-1/2

[Event "XII Torneo Internazionale"]
[Site "Montecatini Terme ITA"]
[Date "2005.01.31"]
[Round "6"]
[White "Mrdja, Milan"]
[Black "Buli, Vangjel"]
[Result "1-0"]
[WhiteElo "2395"]
[BlackElo "2166"]
[PlyCount "89"]
[EventDate "2005.01.27"]

1. e4 c6 2. d4 d5 3. Nd2 dxe4 4. Nxe4 Nd7 5. Nf3 Ngf6 6. Ng3 e6 7. Bd3 Be7 8.
Qe2 O-O 9. Bd2 c5 10. O-O-O cxd4 11. Nxd4 Nc5 12. Bc4 Qxd4 13. Bg5 Nb3+ 14.
Bxb3 Qc5 15. h4 b6 16. Rhe1 h6 17. Be3 Qc7 18. Nh5 Bb7 19. Nf4 Bd6 20. g3 Rfe8
21. Nh5 Nxh5 22. Qxh5 Rad8 23. Qg4 Kh8 24. Qe2 Bc5 25. Bf4 Qc6 26. Be3 Kg8 27.
c3 Bxe3+ 28. Qxe3 Qf3 29. a4 Qc6 30. f4 Qf3 31. Qxf3 Bxf3 32. Rxd8 Rxd8 33. Re5
g6 34. a5 Kf8 35. Re3 Bg4 36. axb6 axb6 37. Bc2 Ke7 38. b4 Rd6 39. Bd3 Bf5 40.
Bxf5 gxf5 41. Kc2 f6 42. c4 Rd4 43. Kc3 Re4 44. Rxe4 fxe4 45. g4 1-0

[Event "XII Torneo Internazionale"]
[Site "Montecatini Terme ITA"]
[Date "2005.01.31"]
[Round "6"]
[White "Sciortino, Massimo"]
[Black "Velikov, Petar V."]
[Result "1-0"]
[WhiteElo "2228"]
[BlackElo "2430"]
[PlyCount "77"]
[EventDate "2005.01.27"]

1. e4 c5 2. Nc3 Nc6 3. f4 g6 4. Nf3 Bg7 5. Bc4 e6 6. f5 Nge7 7. fxe6 fxe6 8.
O-O d5 9. Bb5 O-O 10. Bxc6 Nxc6 11. d3 d4 12. Nb1 Ne5 13. Nxe5 Bxe5 14. Nd2 Bd7
15. Nf3 Qc7 16. Bh6 Rf7 17. Qd2 Bg7 18. Bxg7 Kxg7 19. Qg5 h6 20. Qe5+ Qxe5 21.
Nxe5 Rxf1+ 22. Rxf1 Be8 23. g4 b5 24. h4 c4 25. g5 hxg5 26. hxg5 cxd3 27. cxd3
Rc8 28. Rf6 Rc1+ 29. Kg2 Rc2+ 30. Kg3 Rxb2 31. Rxe6 Kf8 32. Ra6 Ke7 33. Rxa7+
Kd6 34. Nxg6 Bxg6 35. Ra6+ Kc5 36. Rxg6 Rxa2 37. Rg8 Rd2 38. g6 Rxd3+ 39. Kf4
1-0

[Event "XII Torneo Internazionale"]
[Site "Montecatini Terme ITA"]
[Date "2005.01.31"]
[Round "6"]
[White "Tocchioni, Doriano"]
[Black "Miladinovic, Igor"]
[Result "0-1"]
[WhiteElo "2283"]
[BlackElo "2611"]
[PlyCount "74"]
[EventDate "2005.01.27"]

1. d4 d5 2. Nf3 Bf5 3. g3 e6 4. Bg2 c6 5. O-O h6 6. c4 Nd7 7. b3 Ngf6 8. Nbd2
Bd6 9. Bb2 a5 10. Ne5 O-O 11. h3 Bh7 12. f4 Bb4 13. Kh2 a4 14. bxa4 Qa5 15. Nb3
Qxa4 16. c5 Ba3 17. Bc3 Nxe5 18. dxe5 Ne4 19. Bd4 Qc4 20. Bxe4 Bxe4 21. g4 Ra4
22. e3 Rfa8 23. Rf2 Bb4 24. Nd2 Qd3 25. Nxe4 Qxd1 26. Rxd1 dxe4 27. Kg3 Ra3 28.
f5 b6 29. cxb6 c5 30. b7 Rb8 31. Rc1 Rxb7 32. Bxc5 Bxc5 33. Rxc5 Rxe3+ 34. Kf4
Rxh3 35. Rc4 exf5 36. gxf5 e3 37. Rg2 e2 0-1

[Event "XII Torneo Internazionale"]
[Site "Montecatini Terme ITA"]
[Date "2005.02.01"]
[Round "7"]
[White "Buli, Vangjel"]
[Black "Mariotti, Sergio"]
[Result "1/2-1/2"]
[WhiteElo "2166"]
[BlackElo "2350"]
[PlyCount "140"]
[EventDate "2005.01.27"]

1. d4 Nf6 2. c4 e6 3. Nf3 d5 4. Nc3 Be7 5. Bg5 Nbd7 6. e3 O-O 7. Rc1 a6 8. cxd5
exd5 9. Qb3 c6 10. Bd3 h6 11. Bh4 Ne4 12. Bxe7 Qxe7 13. O-O Ndf6 14. Bxe4 Nxe4
15. Nxe4 dxe4 16. Nd2 Be6 17. Qc3 Bd5 18. Qc5 Qg5 19. Rce1 Rfe8 20. Qd6 Rac8
21. a3 c5 22. dxc5 Re6 23. Qg3 Rxc5 24. Qb8+ Kh7 25. Rc1 Rec6 26. Rxc5 Rxc5 27.
Qa7 Bc6 28. Nb3 Rb5 29. Nd4 Rxb2 30. Nxc6 bxc6 31. Qxa6 Qb5 32. Qxb5 cxb5 33.
g4 Rb3 34. Ra1 h5 35. h3 hxg4 36. hxg4 g5 37. a4 b4 38. a5 Ra3 39. Rb1 b3 40.
a6 Kg6 41. a7 f5 42. Rxb3 Ra1+ 43. Kg2 fxg4 44. Rb7 Kf5 45. Re7 g3 46. Kxg3
Rg1+ 47. Kh2 Ra1 48. Kg2 Ra2 49. Kg3 Ra1 50. Rb7 Rg1+ 51. Kh3 Rh1+ 52. Kg2 Ra1
53. Rb5+ Kf6 54. Rb4 Kf5 55. Rb7 Kf6 56. Rc7 Kf5 57. Re7 Ra2 58. Kg3 Ra1 59.
Rf7+ Kg6 60. Re7 Kf5 61. f3 exf3 62. Kxf3 g4+ 63. Kf2 Kf6 64. Rh7 Ra3 65. Rb7
Kg6 66. Rc7 Kf6 67. Rb7 Kg6 68. Rb4 Rxa7 69. Rxg4+ Kf5 70. Rb4 Kf6 1/2-1/2

[Event "XII Torneo Internazionale"]
[Site "Montecatini Terme ITA"]
[Date "2005.02.01"]
[Round "7"]
[White "Kaps, Darja"]
[Black "Mrdja, Milan"]
[Result "1-0"]
[WhiteElo "2287"]
[BlackElo "2395"]
[PlyCount "55"]
[EventDate "2005.01.27"]

1. d4 c5 2. d5 e6 3. Nc3 exd5 4. Nxd5 Nf6 5. Bg5 Be7 6. Bxf6 Bxf6 7. c3 O-O 8.
g3 Nc6 9. Bg2 d6 10. Qc2 Be6 11. Rd1 Rc8 12. Nh3 Re8 13. O-O Bg5 14. f4 Bh6 15.
Nf2 Qd7 16. e4 Ne7 17. Ne3 Qc7 18. Nfg4 f6 19. Nxh6+ gxh6 20. Qd2 Red8 21. f5
Bxa2 22. Ng4 Kh8 23. Nxf6 Ng8 24. Nxg8 Bxg8 25. Qxh6 Qe7 26. f6 Qf7 27. Bh3 Rb8
28. e5 1-0

[Event "XII Torneo Internazionale"]
[Site "Montecatini Terme ITA"]
[Date "2005.02.01"]
[Round "7"]
[White "Shytaj, Luca"]
[Black "Sciortino, Massimo"]
[Result "1-0"]
[WhiteElo "2341"]
[BlackElo "2228"]
[PlyCount "74"]
[EventDate "2005.01.27"]

1. e4 c6 2. d4 d5 3. exd5 cxd5 4. Bd3 Nc6 5. c3 Nf6 6. h3 e6 7. Nf3 Bd6 8. O-O
Qc7 9. Re1 Bd7 10. b4 a6 11. Qe2 Rc8 12. Bg5 h6 13. Bd2 g5 14. Ne5 Rg8 15. Na3
h5 16. Nc2 g4 17. h4 g3 18. f4 Ng4 19. Qf3 Nf2 20. Bh7 Nxe5 21. fxe5 Rg4 22.
exd6 Qd8 23. Bg5 Rxg5 24. hxg5 Qxg5 25. Re5 f5 26. Qxf5 Qxf5 27. Bxf5 Kf7 28.
Ne3 Rxc3 29. Nxd5 Rc4 30. Nb6 Rxd4 31. Nxd7 exf5 32. Nc5 Rh4 33. Rxf5+ Kg6 34.
Rxf2 gxf2+ 35. Kxf2 Rd4 36. Nxb7 Kf5 37. Ke2 Ke6 1-0

[Event "XII Torneo Internazionale"]
[Site "Montecatini Terme ITA"]
[Date "2005.02.01"]
[Round "7"]
[White "Velikov, Petar V."]
[Black "Djuric, Stefan"]
[Result "1/2-1/2"]
[WhiteElo "2430"]
[BlackElo "2470"]
[PlyCount "23"]
[EventDate "2005.01.27"]

1. d4 Nf6 2. Nf3 b6 3. g3 Bb7 4. Bg2 e6 5. O-O Be7 6. c4 O-O 7. Nc3 Ne4 8. Nxe4
Bxe4 9. Ne1 Bxg2 10. Kxg2 d5 11. cxd5 exd5 12. Bf4 1/2-1/2

[Event "XII Torneo Internazionale"]
[Site "Montecatini Terme ITA"]
[Date "2005.02.01"]
[Round "7"]
[White "Voiska, Margarita"]
[Black "Tocchioni, Doriano"]
[Result "0-1"]
[WhiteElo "2361"]
[BlackElo "2283"]
[PlyCount "70"]
[EventDate "2005.01.27"]

1. c4 b6 2. Nc3 Bb7 3. e4 e6 4. Nf3 Bb4 5. d3 Ne7 6. Qb3 c5 7. Be2 d6 8. a3
Bxc3+ 9. Qxc3 e5 10. b4 f6 11. Nh4 Nbc6 12. Bh5+ g6 13. Bd1 O-O 14. O-O g5 15.
Nf3 Ng6 16. b5 Nce7 17. Ne1 h6 18. a4 f5 19. a5 Rb8 20. exf5 Nxf5 21. axb6 axb6
22. Ra7 Nd4 23. Be3 Qf6 24. Qd2 Nh4 25. Bxd4 exd4 26. Bg4 Rf7 27. Qd1 Rbf8 28.
Bh5 Re7 29. g3 Nf5 30. Be2 g4 31. Nc2 h5 32. Ra2 d5 33. cxd5 Bxd5 34. Ra6 Bb7
35. Ra1 Qe5 0-1

[Event "XII Torneo Internazionale"]
[Site "Montecatini Terme ITA"]
[Date "2005.02.01"]
[Round "8"]
[White "Djuric, Stefan"]
[Black "Shytaj, Luca"]
[Result "1/2-1/2"]
[WhiteElo "2470"]
[BlackElo "2341"]
[PlyCount "27"]
[EventDate "2005.01.27"]

1. c4 Nf6 2. Nf3 c5 3. Nc3 b6 4. e4 d6 5. d4 cxd4 6. Nxd4 e6 7. g3 Bb7 8. Bg2
a6 9. O-O Nbd7 10. Re1 Qc7 11. Bg5 Be7 12. Rc1 O-O 13. h3 Rac8 14. b3 1/2-1/2

[Event "XII Torneo Internazionale"]
[Site "Montecatini Terme ITA"]
[Date "2005.02.01"]
[Round "8"]
[White "Mariotti, Sergio"]
[Black "Kaps, Darja"]
[Result "1-0"]
[WhiteElo "2350"]
[BlackElo "2287"]
[PlyCount "123"]
[EventDate "2005.01.27"]

1. c3 c5 2. d4 e6 3. e3 Nf6 4. Bd3 Nc6 5. Nf3 b6 6. Nbd2 Bb7 7. a3 Be7 8. e4
cxd4 9. cxd4 d5 10. e5 Nd7 11. Qe2 a5 12. b3 Qc8 13. O-O Ba6 14. Nb1 Bxd3 15.
Qxd3 Qa6 16. Qxa6 Rxa6 17. Nc3 Na7 18. a4 Bb4 19. Nb5 Nxb5 20. axb5 Ra8 21. Bd2
Bxd2 22. Nxd2 Ke7 23. Rfc1 Rhc8 24. Kf1 f6 25. f4 h5 26. Ke2 Nf8 27. g3 Kd7 28.
Kd3 Ng6 29. Rxc8 Rxc8 30. Rf1 Ne7 31. h3 Rf8 32. Nf3 Nc8 33. b4 a4 34. Ra1 Na7
35. Rxa4 Nxb5 36. Ra6 Kc6 37. Ra2 Kb7 38. Re2 Ra8 39. exf6 Ra3+ 40. Kd2 gxf6
41. Re3 Ra2+ 42. Ke1 Rg2 43. Nh4 Rb2 44. Rxe6 Nxd4 45. Rxf6 Rxb4 46. Rd6 Rb5
47. f5 Kc7 48. Rh6 Rb1+ 49. Kf2 Rb2+ 50. Ke3 Nb5 51. f6 d4+ 52. Kd3 Nd6 53.
Kxd4 Rb3 54. Rxh5 Rxg3 55. Nf5 Rf3 56. Ke5 Nf7+ 57. Ke4 Rf1 58. Rh7 Kd7 59.
Rxf7+ Ke6 60. Rb7 Re1+ 61. Kf4 Rf1+ 62. Kg4 1-0

[Event "XII Torneo Internazionale"]
[Site "Montecatini Terme ITA"]
[Date "2005.02.01"]
[Round "8"]
[White "Mrdja, Milan"]
[Black "Miladinovic, Igor"]
[Result "0-1"]
[WhiteElo "2395"]
[BlackElo "2611"]
[PlyCount "96"]
[EventDate "2005.01.27"]

1. e4 c5 2. Nf3 Nc6 3. c4 e6 4. Nc3 a6 5. d4 cxd4 6. Nxd4 Qc7 7. Be2 Nf6 8. a3
Nxd4 9. Qxd4 Bd6 10. Be3 Be5 11. Qd2 O-O 12. Bd4 d6 13. Rd1 Bd7 14. Bxe5 dxe5
15. Qd6 Qxd6 16. Rxd6 Rfc8 17. f3 Kf8 18. Kf2 Ke7 19. Rhd1 a5 20. Ke3 a4 21. g3
Bc6 22. R6d2 g5 23. f4 gxf4+ 24. gxf4 Ra5 25. Rg1 h6 26. Rdd1 exf4+ 27. Kxf4
Nd7 28. Rd2 Ne5 29. Ke3 Be8 30. Rd4 Rac5 31. Rg3 Kf8 32. Rh3 Kg7 33. Rg3+ Ng6
34. Rd6 Bc6 35. Kd4 Rg5 36. Bd1 Ra8 37. e5 Ne7 38. Bc2 Ra5 39. c5 Bh1 40. Rxg5+
hxg5 41. Kc4 Nc6 42. Bxa4 Nxe5+ 43. Kb4 Ra8 44. Rd1 Bf3 45. Rd2 Rh8 46. Bb5 Ng4
47. Ne2 Rxh2 48. Ka5 Ne5 0-1

[Event "XII Torneo Internazionale"]
[Site "Montecatini Terme ITA"]
[Date "2005.02.01"]
[Round "8"]
[White "Sciortino, Massimo"]
[Black "Buli, Vangjel"]
[Result "0-1"]
[WhiteElo "2228"]
[BlackElo "2166"]
[PlyCount "70"]
[EventDate "2005.01.27"]

1. Nf3 Nf6 2. d4 e6 3. Bg5 h6 4. Bxf6 Qxf6 5. e4 d6 6. Nc3 Nd7 7. Qd2 c6 8.
O-O-O Be7 9. Kb1 e5 10. Bc4 O-O 11. dxe5 dxe5 12. Ne2 b5 13. Bd3 Nc5 14. Ng3
Bg4 15. Be2 Rfd8 16. Qc3 Na4 17. Qxe5 Bxf3 18. Qxf6 Bxf6 19. Bxf3 Bxb2 20. Ne2
Be5 21. g3 Nb2 22. Rxd8+ Rxd8 23. Bh5 Nc4 24. f4 Bc7 25. e5 g6 26. Bg4 h5 27.
Bh3 Rd2 28. Re1 Na3+ 29. Kc1 Rxc2+ 30. Kd1 Ba5 31. e6 Kf8 32. e7+ Ke8 33. Nc3
f5 34. Nxb5 Bxe1 35. Nxa3 Rxa2 0-1